000
00338nam a2200133Ia 4500
008
240624s9999 xx 000 0 und d
041
_a
eng
082
_a
658.408 JOH
100
_a
JOHN KOSE
245
_a
CORPORATE GOVERNANCE IN THE US AND GLOBA
260
_c
2014
_a
India
_b
Emerald
300
_a
viii, 281 p,: 23 cm.
365
_c
BPS
_b
38
999
_c
31074
_d
31074